[Event "Douglas IoM op"]
[Site "Douglas"]
[Date "2018.10.24"]
[Round "5"]
[White "Almasi, Zoltan"]
[Black "Vishnu, Prasanna V"]
[Result "1-0"]
[WhiteElo "2702"]
[BlackElo "2504"]
[PlyCount "95"]
[EventDate "2018.10.20"]
[EventType "swiss"]
[EventRounds "9"]
[EventCountry "ENG"]
[SourceTitle "CBM 187"]
[Source "ChessBase"]
[SourceDate "2018.12.11"]
[SourceVersion "1"]
[SourceVersionDate "2018.12.11"]
[SourceQuality "1"]

1. Nf3 d5 2. g3 g6 3. c4 dxc4 4. Na3 Bg7 5. Nxc4 Nf6 ({RR} 5... Nc6 6. d3 Nh6 7. h4 Be6 8. Bd2 Ng4 9. Bg2 h5 10. O-O O-O 11. Rc1 Bd5 12. b4 Qd7 13. a4 a6 14. Qc2 Rac8 15. e3 b5 16. axb5 axb5 17. e4 Be6 18. Ne3 Nxe3 19. fxe3 Ne5 20. d4 {Ding,L (2791)-Caruana,F (2835) chess24.com INT 2020 ½-½ (51)}) 6. Bg2 O-O 7. O-O Be6 $146 ({RR} 7... c5 8. b3 Nc6 9. Bb2 Be6 10. Rc1 Rc8 11. d3 b5 12. Ncd2 Qb6 13. Ng5 Bf5 14. Ba1 Rfd8 15. Nge4 Nxe4 16. Nxe4 Bxa1 17. Rxa1 Bxe4 18. Bxe4 c4 19. bxc4 bxc4 20. Qb1 cxd3 21. Qxb6 axb6 22. Bxd3 {Grandelius,N (2673)-Maltsevskaya,A (2378) chess.com INT 2024 ½-½ (80)}) ({RR} 7... c5 8. d3 Nc6 9. Bf4 Nd5 10. Bd2 e5 11. Rc1 b6 12. a3 f6 13. b4 cxb4 14. axb4 Be6 15. b5 Nce7 16. e4 Nc7 17. Qb3 Qd7 18. Bb4 Rfd8 19. Bxe7 Qxe7 20. Rfd1 Qd7 21. Rb1 Rac8 22. d4 {Gutierrez Olivares,D (2354)-Sathvik Adiga (2365) chess.com INT 2024 0-1 (47)}) 8. b3 c5 9. Ba3 Nbd7 10. Rc1 Rc8 11. d4 Bd5 12. Qd2 Ne4 13. Qd3 cxd4 14. Nxd4 Ndc5 15. Qe3 Nxf2 16. Rxf2 Bxg2 17. Nc2 Ne6 18. Kxg2 b5 19. Ne5 Qd5+ 20. Nf3 a5 21. Bxe7 Rfe8 22. Ba3 b4 23. Nxb4 axb4 24. Rxc8 Rxc8 25. Bxb4 Qb7 26. Qd2 Nd4 27. Bd6 Rc2 28. Qb4 Qxb4 29. Bxb4 Rxa2 30. Nxd4 Bxd4 31. e3 Rxf2+ 32. Kxf2 Bb6 33. Kf3 f5 34. e4 Kf7 35. exf5 gxf5 36. Bd2 Ke6 37. b4 Kd5 38. Kf4 Bg1 39. h3 Bf2 40. Be3 Be1 41. b5 Kd6 42. Kxf5 Bxg3 43. Bf4+ Bxf4 44. Kxf4 Kc5 45. Kg5 Kxb5 46. Kh6 Kc6 47. Kxh7 Kd7 48. h4 1-0

[Event "Douglas IoM op"]
[Site "Douglas"]
[Date "2018.10.28"]
[Round "9"]
[White "Howell, David"]
[Black "Tregubov, Pavel V"]
[Result "1-0"]
[WhiteElo "2689"]
[BlackElo "2588"]
[PlyCount "55"]
[EventDate "2018.10.20"]
[EventType "swiss"]
[EventRounds "9"]
[EventCountry "ENG"]
[SourceTitle "CBM 187"]
[Source "ChessBase"]
[SourceDate "2018.12.11"]
[SourceVersion "1"]
[SourceVersionDate "2018.12.11"]
[SourceQuality "1"]

1. Nf3 d5 2. c4 d4 3. b4 Bg4 4. Qb3 Bxf3 5. Qxf3 e5 6. Qxb7 Nd7 7. g3 Rb8 8. Qxa7 Bxb4 9. Bg2 Ngf6 10. O-O O-O 11. d3 $146 ({RR} 11. Ba3 c5 12. Bxb4 Rxb4 13. d3 Rb2 14. Re1 Re8 15. Na3 e4 16. Nb5 exd3 17. exd3 Ne5 18. Qxc5 Nxd3 19. Rxe8+ Qxe8 20. Qxd4 Qe2 21. Bf1 Qxf2+ 22. Qxf2 Nxf2 23. a4 N6e4 24. a5 Ng5 25. Nd4 Nfh3+ {Iturrizaga Bonelli,E (2641)-Navara,D (2734) Berlin 2015 1-0 (33)}) 11... Re8 12. Bg5 Qc8 13. a3 Bc5 14. Qa5 e4 15. Bxf6 Ra8 16. Qb5 c6 17. Qb2 Nxf6 18. Nd2 Rb8 19. Nb3 e3 20. fxe3 Rxe3 21. Qc2 Ba7 22. c5 Qe8 23. Bf3 Rd8 24. Qc4 Nd7 25. Bxc6 Rxe2 26. Kh1 Re6 27. Nxd4 Rxc6 28. Nxc6 1-0

[Event "Chigorin Memorial 26th"]
[Site "St Petersburg"]
[Date "2018.11.04"]
[Round "9"]
[White "Maghsoodloo, Parham"]
[Black "Anisimov, Pavel"]
[Result "1-0"]
[WhiteElo "2685"]
[BlackElo "2521"]
[PlyCount "100"]
[EventDate "2018.10.27"]
[EventType "swiss"]
[EventRounds "9"]
[EventCountry "RUS"]
[SourceTitle "CBM 187 Extra"]
[Source "ChessBase"]
[SourceDate "2018.11.04"]
[SourceVersion "1"]
[SourceVersionDate "2018.11.04"]
[SourceQuality "1"]

1. Nf3 Nf6 2. g3 g6 3. b3 Bg7 4. Bb2 O-O 5. Bg2 d5 6. c4 dxc4 7. bxc4 c5 8. O-O Nc6 9. Ne5 Na5 10. Qc2 Nd7 11. Nxd7 Bxb2 12. Qxb2 Bxd7 13. d3 Rb8 14. Nc3 Nc6 $146 ({RR} 14... Bc6 15. Bxc6 Nxc6 16. Qb5 Qa5 17. Ne4 Qxb5 18. cxb5 Nd4 19. e3 Nxb5 20. a4 Nd6 21. Nxc5 Rbc8 22. d4 b6 23. Nd3 Rc3 24. Nb4 Rc4 25. Rfb1 Rfc8 26. a5 b5 27. a6 Kf8 28. Nd3 R8c7 29. Nc5 {Pastar,S (2337)-Vorobiov,E (2537) Ayvalik 2022 0-1 (46)}) ({RR} 14... Bc6 15. Bxc6 Nxc6 16. Qb5 Qa5 17. Qxa5 Nxa5 18. Rab1 Rfd8 19. Rb2 b6 20. g4 f6 21. f4 Nc6 22. Kf2 Kf7 23. Ke3 Rd7 24. Ne4 Rbd8 25. h3 Rh8 26. Ng3 Nd4 27. Rbb1 Rdd8 28. a4 Nc6 29. Rh1 {Dizdar,G (2490)-Gunawan,R (2440) Brezovica 1988 ½-½ (36)}) 15. f4 f6 16. h3 Nd4 17. g4 Bc6 18. e3 Bxg2 19. Kxg2 Nc6 20. Rad1 Qd7 21. Kg3 b6 22. h4 Rbd8 23. g5 Qe6 24. Qe2 Rf7 25. a3 h5 26. gxf6 exf6 27. Kh2 f5 28. Rg1 Kh7 29. Rg5 Rg7 30. Rdg1 Ne7 31. R1g3 Ng8 32. Nd5 Nh6 33. Qxh5 gxh5 34. Rxg7+ Kh8 35. R7g6 Rd6 36. Rxe6 Rxe6 37. Kg2 Ng4 38. Kf3 Nh2+ 39. Ke2 Ng4 40. Rg2 Kg7 41. Kf3 Kf7 42. e4 Rd6 43. a4 Ke6 44. Rb2 Rc6 45. a5 bxa5 46. Rb7 fxe4+ 47. dxe4 Rc8 48. Re7+ Kd6 49. e5+ Kc6 50. Rxa7 Rf8 1-0

[Event "Titled Tuesday intern op 6th Nov"]
[Site "Chess.com INT"]
[Date "2018.11.06"]
[Round "4"]
[White "Petrosian, Tigran L"]
[Black "Azarov, Sergei Nikolaevich"]
[Result "1-0"]
[WhiteElo "2598"]
[BlackElo "2565"]
[PlyCount "81"]
[EventDate "2018.11.06"]
[EventType "swiss (blitz)"]
[EventRounds "10"]
[EventCountry "USA"]
[SourceTitle "EXT 2021"]
[Source "ChessBase"]
[SourceDate "2020.10.23"]
[SourceVersion "1"]
[SourceVersionDate "2020.10.23"]
[SourceQuality "1"]

1. Nf3 Nf6 2. g3 b6 3. Bg2 Bb7 4. d3 c5 5. e4 d6 ({RR} 5... d5 6. e5 Nfd7 7. e6 fxe6 8. Qe2 Nc6 9. Qxe6 Nf6 10. Ng5 Qd6 11. Qf7+ Kd8 12. Ne6+ Kd7 13. Bh3 Nd8 14. Nxf8+ Kc7 15. Ne6+ Kc6 16. Nxd8+ Raxd8 17. Qe6 Qxe6+ 18. Bxe6 Rd6 19. Bh3 e5 20. O-O {Sroczynski,M (2266)-Kochiev,I (2053) chess.com INT 2023 1-0}) 6. O-O Nc6 ({RR} 6... Nbd7 7. a4 a6 8. Nc3 g6 9. Nd2 Rb8 10. Nc4 Bg7 11. Bg5 O-O 12. Qd2 Ba8 13. Bh6 b5 14. axb5 axb5 15. Bxg7 Kxg7 16. Na5 Qb6 17. b4 cxb4 18. Ne2 d5 19. Qxb4 dxe4 20. dxe4 e5 21. Nc3 {Svidler,P (2723)-Salgado Lopez,I (2605) Moscow 2019 ½-½ (33)}) ({RR} 6... Nbd7 7. c4 g6 8. Nc3 e5 9. Ne1 h5 10. f4 h4 11. g4 h3 12. Bh1 exf4 13. Bxf4 Ne5 14. Bxe5 dxe5 15. Qf3 Rh4 16. Qxf6 Rxg4+ 17. Bg2 Qxf6 18. Rxf6 Be7 19. Rf3 hxg2 20. Nxg2 f5 21. Rh3 {Petrosian,T (2612)-Azarov,S (2601) Chess.com INT 2019 1-0 (61)}) 7. Re1 e6 $146 ({RR} 7... Qc7 8. Nc3 e6 9. Bf4 Nd7 10. Nb5 Qb8 11. c3 a6 12. Na3 Be7 13. d4 cxd4 14. cxd4 e5 15. Be3 exd4 16. Nxd4 Nxd4 17. Bxd4 O-O 18. Bxg7 Kxg7 19. Qg4+ Kh8 20. Qxd7 Bf6 21. Nc4 Ra7 22. Qxd6 {Henner,P (1843)-Almeida Saenz,A (2339) Parsippany 2013 0-1 (48)}) 8. Nc3 Be7 9. e5 dxe5 10. Nxe5 Qc8 11. Qf3 Na5 12. Ne4 O-O 13. Qe2 Nc6 14. Nxc6 Bxc6 15. Bg5 Nxe4 16. Bxe7 Re8 17. dxe4 Rxe7 18. Rad1 e5 19. Rd6 Qc7 20. Red1 Rd7 21. Rxd7 Bxd7 22. Qd3 Be6 23. h4 h6 24. Kh2 c4 25. Qc3 Rd8 26. Rxd8+ Qxd8 27. Qxe5 Qd2 28. f4 Bg4 29. Qc3 Qxc3 30. bxc3 Bd1 31. e5 Bxc2 32. Kg1 b5 33. Kf2 a5 34. a3 b4 35. cxb4 axb4 36. axb4 c3 37. Ke3 Ba4 38. Kd3 c2 39. Kd2 Kf8 40. Be4 Ke7 41. Bxc2 1-0

[Event "Titled Tuesday intern op 6th Nov"]
[Site "Chess.com INT"]
[Date "2018.11.06"]
[Round "8"]
[White "Petrosian, Tigran L"]
[Black "Wagner, Dennis"]
[Result "1-0"]
[WhiteElo "2598"]
[BlackElo "2572"]
[PlyCount "73"]
[EventDate "2018.11.06"]
[EventType "swiss (blitz)"]
[EventRounds "10"]
[EventCountry "USA"]
[SourceTitle "EXT 2021"]
[Source "ChessBase"]
[SourceDate "2020.10.23"]
[SourceVersion "1"]
[SourceVersionDate "2020.10.23"]
[SourceQuality "1"]

1. Nf3 d5 2. g3 g6 3. Bg2 Bg7 4. O-O Nf6 5. d3 O-O 6. Nbd2 a5 7. e4 ({RR} 7. Rb1 Nc6 8. c3 e5 9. Qa4 Bd7 10. Qc2 Qc8 11. b3 e4 12. dxe4 dxe4 13. Ng5 e3 14. fxe3 Re8 15. b4 h6 16. Nge4 Ng4 17. Nc4 Be6 18. b5 Ne7 19. Ned2 Nd5 20. Bxd5 Bxd5 21. e4 Qe6 {Shoker,S (2466)-Harikrishna,P (2731) Tsaghkadzor 2015 0-1 (36)}) 7... Nc6 $146 ({RR} 7... dxe4 8. dxe4 a4 9. a3 Nc6 10. Qe2 e5 11. Rd1 Qe7 12. c3 b6 13. Nf1 Na5 14. Bg5 Ba6 15. Qc2 Nb3 16. Rab1 Rfd8 17. Ne3 h6 18. Bxf6 Qxf6 19. Nd5 Qd6 20. Nb4 Qe7 21. Rxd8+ Qxd8 22. Rd1 {Mendez,E (2399)-Taboas Rodriguez,D (2275) Marin 2002 1-0 (56)}) ({RR} 7... a4 8. e5 Ne8 9. d4 c5 10. c3 Nc6 11. Re1 Nc7 12. Nf1 cxd4 13. cxd4 Bg4 14. h3 Bxf3 15. Bxf3 a3 16. bxa3 Nb5 17. Bb2 Nxa3 18. Ne3 e6 19. Qb3 Qe7 20. Rac1 Qb4 21. Rc5 Qxe1+ 22. Kg2 {Tica,S (2427)-Bauer,T (2195) chess.com INT 2025 0-1}) ({RR} 7... dxe4 8. dxe4 Bg4 9. h3 Bxf3 10. Bxf3 e5 11. a4 Nbd7 12. Nc4 Qe7 13. c3 b6 14. Be3 Rad8 15. Qb3 Nc5 16. Qa3 Nfd7 17. Rad1 Rfe8 18. h4 Qe6 19. b3 Bf8 20. Qa2 h5 21. Rd5 Kh7 22. Rfd1 {Gubajdullin,A (2238)-Waldhausen Gordon,F (2355) chess.com INT 2024 1-0}) 8. e5 Nd7 9. d4 f6 10. exf6 exf6 11. Re1 Re8 12. Rxe8+ Qxe8 13. Nf1 a4 14. Ne3 Nb6 15. Ne1 Be6 16. c3 Nd8 17. Nd3 Bf7 18. Bd2 c6 19. Qc2 Ne6 20. Re1 Qd7 21. b3 axb3 22. axb3 Nc8 23. Qb2 Nd6 24. c4 dxc4 25. bxc4 Ng5 26. h4 Nge4 27. Bb4 Re8 28. Qc2 b5 29. Bxd6 Qxd6 30. cxb5 cxb5 31. Nc5 f5 32. Nxe4 fxe4 33. d5 Bxd5 34. Rd1 Re5 35. Nxd5 Rxd5 36. Qb3 Bd4 37. Rxd4 1-0

[Event "Bundesliga 1819"]
[Site "Germany"]
[Date "2018.11.24"]
[Round "3.3"]
[White "Efimenko, Zahar"]
[Black "Timman, Jan H"]
[Result "1-0"]
[WhiteElo "2635"]
[BlackElo "2541"]
[PlyCount "97"]
[EventDate "2018.11.10"]
[EventType "team-tourn"]
[EventRounds "15"]
[EventCountry "GER"]
[SourceTitle "CBM 187 Extra"]
[Source "ChessBase"]
[SourceDate "2018.11.04"]
[SourceVersion "1"]
[SourceVersionDate "2018.11.04"]
[SourceQuality "1"]
[WhiteTeam "Werder Bremen"]
[BlackTeam "Duesseldorf"]
[WhiteTeamCountry "GER"]
[BlackTeamCountry "GER"]

1. Nf3 Nf6 2. g3 d5 3. Bg2 c6 4. O-O Bg4 5. d3 Nbd7 6. Nbd2 e5 7. e4 dxe4 8. dxe4 Bc5 9. h3 Bh5 10. Qe1 O-O 11. Nh4 Re8 12. Nb3 Bf8 13. Be3 Qc7 14. a4 a5 15. f3 b5 $146 ({RR} 15... Bb4 16. Qf2 b5 17. Rfb1 Reb8 18. Bf1 Ne8 19. g4 Bg6 20. Nd2 Nf8 21. c3 Be7 22. Nf5 Ne6 23. Nxe7+ Qxe7 24. axb5 cxb5 25. b4 a4 26. c4 Nd6 27. cxb5 Nxb5 28. Nc4 Ned4 29. Na5 Nc3 30. Bxd4 {Siepelt,H (2370)-Rausis,I (2515) Germany 1996 ½-½ (57)}) 16. Qf2 b4 17. Nd2 c5 18. b3 Nb6 19. f4 exf4 20. Bxf4 Qa7 21. e5 Nfd5 22. Ne4 Rad8 23. Rae1 Bg6 24. Nxg6 hxg6 25. Bg5 Rc8 26. Nd6 Bxd6 27. exd6 Rxe1 28. Rxe1 f6 29. Qd2 Qf7 30. Be3 Kh7 31. Bf2 Rc6 32. Qe2 Rxd6 33. Bxc5 Rd8 34. Qg4 Qc7 35. Bf2 Nc3 36. h4 Qd7 37. Qxd7 Nxd7 38. Bd4 Ne5 39. Bxe5 fxe5 40. Rxe5 Rd2 41. Bf1 Rxc2 42. Rxa5 Nd1 43. Rh5+ Kg8 44. Rb5 Ne3 45. Rxb4 Rc1 46. Rf4 Rb1 47. a5 Nxf1 48. Rxf1 Rxb3 49. Ra1 1-0

[Event "Bundesliga 1819"]
[Site "Germany"]
[Date "2019.04.06"]
[Round "14.5"]
[White "Rapport, Richard"]
[Black "L'Ami, Erwin"]
[Result "1-0"]
[WhiteElo "2726"]
[BlackElo "2644"]
[PlyCount "123"]
[EventDate "2018.11.10"]
[EventType "team-tourn"]
[EventRounds "15"]
[EventCountry "GER"]
[SourceTitle "CBM 189 Extra"]
[Source "ChessBase"]
[SourceDate "2019.06.03"]
[SourceVersion "1"]
[SourceVersionDate "2019.06.03"]
[SourceQuality "1"]
[WhiteTeam "Baden-Baden"]
[BlackTeam "Solingen"]
[WhiteTeamCountry "GER"]
[BlackTeamCountry "GER"]

1. Nf3 d5 2. g3 Bg4 3. Bg2 Nd7 4. c4 e6 5. cxd5 exd5 6. O-O Ngf6 7. h3 Bxf3 8. exf3 Be7 9. f4 ({RR} 9. h4 O-O 10. d4 c6 11. Bh3 Re8 12. Bg5 Nb6 13. Re1 a5 14. Nc3 h6 15. Bc1 a4 16. Qc2 Bb4 17. Rd1 a3 18. b3 Nc8 19. Bf4 Re7 20. Re1 Nd6 21. Re5 Nd7 22. Rxe7 Qxe7 23. Bd2 Nf6 {LCZero 0.31-dag-c93c6a8-BT4-6 (3652)-Stockfish dev-20250118-8e3e22 (3683) tcec-chess.com INT 2025 ½-½ (60)}) 9... O-O 10. d3 c6 11. Nd2 Ne8 $146 ({RR} 11... a5 12. Nf3 a4 13. Rb1 Ne8 14. Bd2 Nd6 15. Re1 Nb5 16. d4 Nb6 17. Bf1 Nc4 {½-½ (17) Yaksin,O (2389)-Kalezic,B (2398) Cetinje MNE 2024}) ({RR} 11... Nc5 12. Nf3 d4 13. b4 Ne6 14. Bd2 Nd5 15. Qb3 Qd6 16. Rfe1 Bf6 17. Ne5 Rad8 18. a4 a6 19. b5 Nc5 20. Qc4 axb5 21. axb5 cxb5 22. Qxb5 Nc3 23. Qb4 b6 24. Bf1 Bxe5 25. Rxe5 Rc8 26. Rae1 {Kobo,O (2529)-Munguntuul,B (2356) Biel SUI 2024 ½-½ (45)}) 12. Nf3 Nd6 13. h4 Re8 14. Bh3 Nf8 15. f5 Nd7 16. Bf4 Qb6 17. Rb1 Nb5 18. Kg2 a5 19. a3 Bc5 20. d4 Bd6 21. Bg5 Bf8 22. h5 h6 23. f6 Nxf6 24. Bxf6 gxf6 25. Bf5 Nd6 26. Nh4 Re7 27. Qg4+ Bg7 28. Qf4 Qc7 29. Bd3 Qd7 30. Bf5 Qc7 31. Bd3 Qd7 32. b4 axb4 33. axb4 Rae8 34. b5 f5 35. Bxf5 Qc7 36. bxc6 bxc6 37. Rfc1 Ne4 38. Qxc7 Rxc7 39. Rb4 Nd6 40. Bd3 Bf6 41. Nf3 Nb7 42. Nh2 Nd8 43. Ng4 Bg7 44. f4 Ra7 45. Bf5 Kf8 46. Kh3 Rc7 47. Ra4 Ke7 48. Nh2 Kd6 49. Nf3 Re3 50. Nh4 Bf6 51. Ng2 Re2 52. Bd3 Rd2 53. Rc3 Re7 54. f5 Kd7 55. Nf4 Re3 56. Nxd5 Bxd4 57. Rxd4 cxd5 58. Rxd5+ Ke7 59. f6+ Kxf6 60. Rxd8 Rd1 61. Rd7 Rg1 62. Rxf7+ 1-0

[Event "Tata Steel India blitz"]
[Site "Kolkata"]
[Date "2018.11.14"]
[Round "16"]
[White "Ganguly, Surya Shekhar"]
[Black "So, Wesley"]
[Result "1-0"]
[WhiteElo "2615"]
[BlackElo "2765"]
[PlyCount "61"]
[EventDate "2018.11.13"]
[EventType "tourn (blitz)"]
[EventRounds "18"]
[EventCountry "IND"]
[EventCategory "19"]
[SourceTitle "CBM 187 Extra"]
[Source "ChessBase"]
[SourceDate "2018.11.04"]
[SourceVersion "1"]
[SourceVersionDate "2018.11.04"]
[SourceQuality "1"]

1. Nf3 d5 2. g3 Bg4 3. Bg2 c6 4. O-O Nd7 5. h3 Bh5 6. d4 e6 7. c4 Be7 8. Nc3 dxc4 9. a4 a5 10. e4 Ngf6 11. Qe2 Bxf3 12. Bxf3 e5 $146 ({RR} 12... Nb6 13. Be3 O-O 14. Bg2 Bb4 15. Rfd1 Qe7 16. Qc2 Nfd7 17. Na2 Bd6 18. Nc3 e5 19. dxe5 Bc5 20. Bxc5 Qxc5 21. Kh2 Nxe5 22. f4 Nd3 23. e5 Rad8 24. Ne4 Qd4 25. b3 Nd5 26. Qxc4 Ne3 27. Qxd4 {Kozak,A (2523)-Murzin,V (2442) Caleta 2020 ½-½ (36)}) ({RR} 12... Nb6 13. Be3 O-O 14. Bg2 Bb4 15. Rfd1 Qe7 16. Qc2 Nfd7 17. Na2 Bd6 18. Nc3 e5 19. dxe5 Bc5 20. Bxc5 Qxc5 21. Kh2 Nxe5 22. f4 Nd3 23. e5 Rad8 24. Ne4 Qd4 25. b3 Nd5 26. Qxc4 Ne3 27. Qxd4 {Kozak,A (2523)-Murzin,V (2442) Caleta 2020 ½-½ (36)}) 13. Be3 exd4 14. Bxd4 Bc5 15. e5 Bxd4 16. exf6+ Kf8 17. fxg7+ Kxg7 18. Rad1 Ne5 19. Be4 Qb6 20. Qh5 Ng6 21. Ne2 Bf6 22. Rd7 Rad8 23. Rfd1 Rxd7 24. Rxd7 Ne5 25. Rd1 Ng6 26. Rd7 Ne5 27. Rd6 Qc5 28. Nd4 Be7 29. Qh6+ Kg8 30. Nf5 Bf8 31. Rd8 1-0

[Event "HUN-chT 1819"]
[Site "Hungary"]
[Date "2018.11.17"]
[Round "1.1"]
[White "Almasi, Zoltan"]
[Black "Rodshtein, Maxim"]
[Result "1-0"]
[WhiteElo "2682"]
[BlackElo "2682"]
[PlyCount "45"]
[EventDate "2018.11.17"]
[EventType "team-tourn"]
[EventRounds "9"]
[EventCountry "HUN"]
[SourceTitle "CBM 187 Extra"]
[Source "ChessBase"]
[SourceDate "2018.11.04"]
[SourceVersion "1"]
[SourceVersionDate "2018.11.04"]
[SourceQuality "1"]
[WhiteTeam "DVTK"]
[BlackTeam "Aquaprofit"]
[WhiteTeamCountry "HUN"]
[BlackTeamCountry "HUN"]

1. Nf3 d5 2. g3 g6 3. c4 dxc4 4. Na3 Bg7 5. Nxc4 Nc6 6. d3 e5 7. Bd2 Nge7 8. Bg2 a5 9. h4 h6 10. Qc1 Be6 11. O-O Qd7 12. Re1 f6 $146 ({RR} 12... Ra7 13. b3 Nf5 14. Bc3 f6 15. e4 Nfd4 16. Nxd4 exd4 17. Bd2 h5 18. a4 O-O 19. f4 Nb4 20. Bxb4 axb4 21. Qd2 c5 22. Rac1 Ra6 23. Kh2 Bh6 24. Qe2 Kg7 25. Rc2 Kh7 26. Qf1 b5 27. axb5 {Kuzubov,Y (2644)-Santos Ruiz,M (2560) Dubai 2019 1-0 (40)}) 13. Be3 Nd5 14. Nfd2 Nce7 15. Bc5 b6 16. Bxe7 Kxe7 17. d4 exd4 18. Nb3 Nb4 19. Rd1 Qb5 20. Na3 Qe5 21. Nxd4 Rad8 22. Nab5 Bd7 23. f4 1-0

[Event "Titled Tuesday intern op 4th Dec"]
[Site "Chess.com INT"]
[Date "2018.12.04"]
[Round "4"]
[White "Belous, Vladimir"]
[Black "Nakamura, Hikaru"]
[Result "1-0"]
[WhiteElo "2533"]
[BlackElo "2746"]
[PlyCount "205"]
[EventDate "2018.12.04"]
[EventType "swiss (blitz)"]
[EventRounds "10"]
[EventCountry "USA"]
[SourceTitle "EXT 2021"]
[Source "ChessBase"]
[SourceDate "2020.10.23"]
[SourceVersion "1"]
[SourceVersionDate "2020.10.23"]
[SourceQuality "1"]

1. Nf3 d5 2. c4 d4 3. g3 c5 4. Bg2 Nc6 5. O-O e5 6. e3 Nf6 7. exd4 exd4 8. Re1+ Be7 9. d3 O-O 10. Bg5 h6 11. Bxf6 Bxf6 12. Nbd2 Bf5 13. Ne4 Be7 14. a3 Qd7 15. Qa4 Rfe8 16. Rab1 Bf8 17. Nh4 Bh3 $146 ({RR} 17... Bh7 18. f4 f5 19. Nd2 Rxe1+ 20. Rxe1 Re8 21. Qd1 g5 22. Bd5+ Kh8 23. Ng2 gxf4 24. Nxf4 Bd6 25. Nf3 Re3 26. Ng2 Re7 27. Qd2 Rxe1+ 28. Nfxe1 Bf8 29. Qe2 Bg7 30. Nf3 Bg8 31. Nf4 Bxd5 32. cxd5 {Wengholm,A (2198)-Villegas,P (2367) Tornelo INT 2021 1-0 (41)}) ({RR} 17... Bh7 18. f4 f5 19. Nd2 Rxe1+ 20. Rxe1 Re8 21. Qd1 g5 22. Bd5+ Kh8 23. Ng2 gxf4 24. Nxf4 Bd6 25. Nf3 Re3 26. Ng2 Re7 27. Qd2 Rxe1+ 28. Nfxe1 Bf8 29. Qe2 Bg7 30. Nf3 Bg8 31. Nf4 Bxd5 32. cxd5 {Wengholm,A (2198)-Villegas,P (2367) Tornelo INT 2021 1-0 (41)}) 18. Bxh3 Qxh3 19. Qb5 Ne5 20. f4 a6 21. Qxb7 Nxd3 22. Re2 Nxf4 23. Rf2 Rab8 24. Qc7 Rxe4 25. Qxb8 Ne2+ 26. Kh1 d3 27. Rbf1 d2 28. Rxf7 Nxg3+ 29. Qxg3 Qxg3 30. Rxf8+ Kh7 31. hxg3 Re1 32. Ng2 d1=Q 33. Rxe1 Qd4 34. Nf4 Qxc4 35. Ree8 Qf1+ 36. Kh2 Qf2+ 37. Kh3 Qf1+ 38. Kh2 Qf2+ 39. Ng2 Qxb2 40. Kh3 Qa1 41. Nf4 Qf1+ 42. Kg4 Qd1+ 43. Kf5 Qd7+ 44. Ke5 Qc7+ 45. Kd5 Qd7+ 46. Kxc5 Qc7+ 47. Kd5 Qd7+ 48. Ke4 Qc6+ 49. Kf5 Qd7+ 50. Ke5 Qc7+ 51. Ke4 Qc6+ 52. Ke3 Qc3+ 53. Kf2 Qc2+ 54. Kf3 Qc6+ 55. Kg4 Qd7+ 56. Ne6 Qd1+ 57. Kf5 Qd5+ 58. Kf4 Qc4+ 59. Ke5 Qc3+ 60. Kd5 Qb3+ 61. Kc6 Qc3+ 62. Kb7 Qb3+ 63. Ka7 Qe3+ 64. Kb7 Qb3+ 65. Kc8 Qc3+ 66. Nc7 Qxg3 67. a4 h5 68. Rh8+ Kg6 69. Re6+ Kg5 70. Rxa6 Qg4+ 71. Kb7 Qb4+ 72. Rb6 Qe4+ 73. Kb8 Qxa4 74. Rb5+ Kg4 75. Rhxh5 Qf4 76. Kb7 g5 77. Rh6 Qe4+ 78. Rc6 Kh4 79. Nd5 g4 80. Kb6 Qd4+ 81. Rcc5 Qh8 82. Rb4 Qb8+ 83. Ka5 Qd6 84. Rcb5 Kh3 85. Nf4+ Kg3 86. Rd5 Qc7+ 87. Kb5 Qb8+ 88. Ka4 Qe8+ 89. Kb3 Qf7 90. Kc2 Kh2 91. Rd2+ Kg3 92. Rd3+ Kh2 93. Ne2 Qa2+ 94. Kd1 Qa1+ 95. Kd2 Qa5 96. Rdb3 Qd5+ 97. Ke1 Qa5 98. Kf2 Qc5+ 99. Kf1 Qf5+ 100. Rf4 Qd5 101. Rf2+ Kh1 102. Rh3+ gxh3 103. Ng3# 1-0

[Event "Titled Tuesday intern op 4th Dec"]
[Site "Chess.com INT"]
[Date "2018.12.04"]
[Round "4"]
[White "Jones, Gawain C B"]
[Black "Holt, Conrad"]
[Result "1-0"]
[WhiteElo "2682"]
[BlackElo "2548"]
[PlyCount "113"]
[EventDate "2018.12.04"]
[EventType "swiss (blitz)"]
[EventRounds "10"]
[EventCountry "USA"]
[SourceTitle "EXT 2021"]
[Source "ChessBase"]
[SourceDate "2020.10.23"]
[SourceVersion "1"]
[SourceVersionDate "2020.10.23"]
[SourceQuality "1"]

1. Nf3 d5 2. b3 Bg4 3. Bb2 e6 4. g3 Bxf3 5. exf3 Nf6 6. Bg2 g6 7. O-O Bg7 8. d4 ({RR} 8. f4 O-O 9. d3 c5 10. Nd2 Nc6 11. Nf3 Nd7 12. Bxg7 Kxg7 13. h4 Qf6 14. Re1 a5 15. a4 Rac8 16. Qd2 b6 17. c3 d4 18. c4 Rfe8 19. Ng5 e5 20. Bd5 exf4 21. Rxe8 Rxe8 22. Qxf4 Qxf4 {Frank,A (2177)-Frischmann,R (2345) chess.com INT 2025 0-1 (37)}) 8... O-O 9. c4 $146 ({RR} 9. Nd2 a5 10. c4 Nc6 11. f4 a4 12. Nf3 a3 13. Bc1 dxc4 14. bxc4 Ng4 15. Be3 Nh6 16. Ne5 Nxe5 17. dxe5 Nf5 18. Bc5 Qxd1 19. Rfxd1 Rfb8 20. Rd7 Ra4 21. Rad1 h5 22. Rxc7 Rxc4 23. Rdd7 Rc1+ {Rama,L (2081)-Uruci,E (2355) Prishtina KOS 2024 0-1 (48)}) ({RR} 9. Nd2 a5 10. c4 Nc6 11. f4 a4 12. Nf3 a3 13. Bc1 dxc4 14. bxc4 Ng4 15. Be3 Nh6 16. Ne5 Nxe5 17. dxe5 Nf5 18. Bc5 Qxd1 19. Rfxd1 Rfb8 20. Rd7 Ra4 21. Rad1 h5 22. Rxc7 Rxc4 23. Rdd7 Rc1+ {Rama,L (2081)-Uruci,E (2355) Prishtina KOS 2024 0-1 (48)}) 9... Nc6 10. Re1 dxc4 11. bxc4 Ne8 12. f4 Nxd4 13. Nc3 Nd6 14. Ne2 Nf3+ 15. Bxf3 Bxb2 16. Rb1 Nxc4 17. Kg2 Qxd1 18. Rexd1 c6 19. Ng1 Rab8 20. Be2 b5 21. Rd7 a5 22. Rc7 Rb6 23. Bf3 Rfb8 24. Bxc6 Bf6 25. Rxb5 Rxb5 26. Bxb5 Ne3+ 27. fxe3 Rxb5 28. Rc2 Rb1 29. Nf3 a4 30. e4 Bb2 31. Nd2 Re1 32. Rxb2 Re2+ 33. Kf3 Rxh2 34. Nc4 Rh1 35. Rb4 Rf1+ 36. Ke2 Rg1 37. Kf2 Rc1 38. Rxa4 Rc2+ 39. Kf3 Rc3+ 40. Ne3 h5 41. Rc4 Ra3 42. Rc2 Kg7 43. Kf2 Kh6 44. Nc4 Ra4 45. Nd6 f6 46. e5 fxe5 47. Nf7+ Kg7 48. Nxe5 Kf6 49. Nf3 Kf5 50. Re2 Ra3 51. Kg2 Kf6 52. Nd4 g5 53. Rxe6+ Kf7 54. fxg5 Rxa2+ 55. Kf3 Ra4 56. g6+ Kf8 57. Nf5 1-0